| 000 | 00334nam a2200133Ia 4500 | ||
|---|---|---|---|
| 008 | 210210b1979 xxu||||| |||| 00| 0 eng d | ||
| 082 | _a823.914 FOLK | ||
| 100 | _aFOLK TALES. | ||
| 245 | _aFolk tales of Nepal. | ||
| 260 |
_aN D _bSterling Publishers Pvt Ltd., _c1979 |
||
| 300 | _a110 | ||
| 690 | _aEnglish Fiction | ||
| 906 | _a034763 | ||
| 999 |
_c85185 _d85185 |
||